000 00556nam a22001817a 4500
005 20150928111829.0
010 _aENG-113705
020 _a9788189430702
_c225.00
035 _aEN-97237
037 _bDBAD/PUB
082 _a204.41
100 _aKriyananda, Swami
245 _aSelf expansion through marriage :
_cby Swami Kriyananda
_ba way to innner happiness /
260 _aGurgaon
_bAnanda Sangha Publications
_c2013
270 _aB-108 DLF Phase I
_bGurgaon
_e122002
300 _a165p.
_c21cm(pbk)
942 _2ddc
_cEN
_mKRI
_h204.41
999 _c95227
_d95227